| Tag |
First Indicator |
Second Indicator |
Subfields |
| LEADER |
00000nam a2200000Ia 4500 |
| 001 |
in00004301607 |
| 005 |
20200810085234.0 |
| 006 |
m g d |
| 007 |
cr bn |||a|bb| |
| 008 |
861125s1660 enk o 00| | eng d |
| 035 |
|
|
|a (OCoLC)14873868
|
| 040 |
|
|
|a EAF
|c EAF
|d WaOLN
|
| 037 |
|
|
|a CL0037000056
|b ProQuest Information and Learning. 300 N. Zeeb Rd., Ann Arbor, MI 48106
|
| 090 |
|
|
|a BX7733
|b .F69
|
| 049 |
|
|
|a EAFA
|
| 100 |
1 |
|
|a Fox, George,
|d 1624-1691.
|
| 245 |
1 |
0 |
|a For the King and Council, these
|
| 260 |
|
|
|a [London :
|b publisher not identified,
|c 1660]
|
| 300 |
|
|
|a 1 online resource (7 pages)
|
| 336 |
|
|
|a text
|b txt
|2 rdacontent
|
| 337 |
|
|
|a computer
|b c
|2 rdamedia
|
| 338 |
|
|
|a online resource
|b cr
|2 rdacarrier
|
| 500 |
|
|
|a Caption title.
|
| 500 |
|
|
|a Two letters to King Charles, the first signed and dated: G.F. (George Fox) and J.S. (John Stubbs) London, 16 day, 11 month 1660; the second signed Henry Fell. For authority for joint authorship of first letter, compare Brit. mus. cat.--NUC pre-1956 imprints.
|
| 500 |
|
|
|a Reproduction of original in the Harvard University Library.
|
| 510 |
4 |
|
|a Wing
|c F1822
|
| 533 |
|
|
|a Electronic reproduction.
|b Ann Arbor, Mich. :
|c UMI,
|d 1999-
|f (Early English books online)
|n Digital version of: (Early English books, 1641-1700 ; 1570:4)
|7 s1999 miun s
|
| 650 |
|
0 |
|a Society of Friends
|v Apologetic works.
|
| 830 |
|
0 |
|a Early English books online.
|
| 856 |
4 |
0 |
|u http://proxy.library.tamu.edu/login?url=https://search.proquest.com/docview/2248500672
|z Connect to the full text of this electronic book
|t 0
|
| 999 |
f |
f |
|s eed2583b-97f6-3d07-9b3b-af03f171e05a
|i a66b3d61-f315-31f3-a025-d7aed2219888
|t 0
|
| 952 |
f |
f |
|a Texas A&M University
|b College Station
|c Electronic Resources
|d Available Online
|t 0
|e BX7733 .F69
|h Library of Congress classification
|
| 998 |
f |
f |
|a BX7733 .F69
|t 0
|l Available Online
|